000 01053nam a2200253 i 4500
001 187377
003 ES-MaACL
005 20260304123121.0
008 170628s1909 sp |||| | spa d
080 _a821.134.2-95"18"
100 1 _aValera, Juan,
_d1824-1905
_9112638
245 1 0 _aCrítica literaria :
_b(1860-1861) /
_cJuan Valera.
260 _a[Madrid :
_bs.n.],
_c1909 (
_fImp. Alemana)
300 _a281 p. ;
_c17 cm.
490 1 _aObras completas ;
_v21
505 8 _aContiene: De la naturaleza y carácter de la novela ; La poesía popular de Milá y Fontanals ; Cuentos y fábulas de Hartzenbusch ; Francisco Pizarro, de Ferrer del Río ; Poesías de D. Julián Romea ; Revista dramática
530 _aDisponible en formato digital.
650 4 _aLiteratura española-
_yS.XIX-
_xHistoria y crítica.
_914568
830 1 _aObras completas ;
_v21
_9176447
852 _aES-MaACL
_jB-2866
_cSPB
856 4 _uhttp://bdh-rd.bne.es/viewer.vm?id=0000201085&page=1
_yBiblioteca Digital Hispánica
942 _2udc
999 _c187377
_d187377